000 00542cam a2200205 4500
008 090401t1990 xxu||||| |||| 00| 0 eng d
020 _a0947877398
035 _a(Sirsi) u68678
041 _aeng
050 _a690.0148
100 _aAdderley, Peter
245 _aAbbreviations guide: an ABC for the construction industry
260 _aLondon
_bRIBA Publications Ltd
_c1990
300 _a168p. ; 24cm.
350 _a8.95
490 _aProfessional Communication
650 _aBUILDING INDUSTRY
942 _n0
948 _c04/03/1997
999 _c95128
_d95128